Problematika ohodnocovania akcií pre potreby "squeeze out"
Ponuka na prevzatie - verejný návrh na odkúpenie akcií cieľovej spoločnosti od akcionárov tejto spoločnosti. Právo výkupu alebo "squeeze out". Primeranosť protiplnenia určená znaleckým posudkom. Legislatívne metódy stanovenia hodnoty podniku. Možnosti použitia metód stanovenia hodnoty podniku na úče...
Salvato in:
| Autore principale: | |
|---|---|
| Altri autori: | |
| Natura: | Capitolo di libro |
| Lingua: | slovacco |
| Soggetti: | |
| Tags: |
Nessun Tag, puoi essere il primo ad aggiungerne!!
|
MARC
| LEADER | 00000naa$a2200000$$$4500 | ||
|---|---|---|---|
| 001 | 0080044 | ||
| 005 | 20240502083217.3 | ||
| 041 | 0 | |a slo | |
| 044 | |a CZ | ||
| 245 | 1 | 0 | |a Problematika ohodnocovania akcií pre potreby "squeeze out" |c Anna Harumová, Marián Miškanin |
| 520 | |a Ponuka na prevzatie - verejný návrh na odkúpenie akcií cieľovej spoločnosti od akcionárov tejto spoločnosti. Právo výkupu alebo "squeeze out". Primeranosť protiplnenia určená znaleckým posudkom. Legislatívne metódy stanovenia hodnoty podniku. Možnosti použitia metód stanovenia hodnoty podniku na účely "squeeze out". | ||
| 610 | 2 | 0 | |a spoločnosti akciové |
| 610 | 2 | 0 | |a akcie |
| 610 | 2 | 0 | |a akcionári |
| 610 | 2 | 0 | |a hodnota podniku |
| 610 | 2 | 0 | |a legislatíva |
| 610 | 2 | 0 | |a posudky znalecké |
| 100 | 1 | |a Harumová, Anna, 1955- | |
| 700 | 1 | |a Miškanin, Marián | |